000 00448nam a2200181Ia 4500
001 17794
005 20260306171543.0
008 260306s9999||||xx |||||||||||||| ||und||
041 _aESP
082 _a658.2
_bM86 2018
100 _aMorales Palomino, Sisenando Carlos
_eAUT
245 0 _aDiseño de plantas industriales
260 _c2018
300 _a313 páginas :
_c24 cm.
650 _aGEN
654 _aCAN
942 _cLIB
_dJUS
_fJUS
_2ddc
_n
999 _c17794
_d17794